000 00589nam a2200205Ia 4500
003 OSt
005 20260610095822.0
008 210210b2003 xxu||||| |||| 00| 0 eng d
040 _cAL
041 _aKannada
082 _a305.8954K BASK
100 _aBASAVARAJA KUNCHURU.
_dಬಸವರಾಜ ಕುಂಚೂರು
_9265587
245 _aKumbara jananga.
_bಕುಂಬಾರ ಜನಾಂಗ
260 _aKunchuru
_bShri Chakraprakashana
_c2003
300 _axx,356
650 _aKumbararu Potters
_9265588
690 _aSocial Classes
_9265589
906 _a058353
942 _2ddc
_cBK
999 _c105899
_d105899